Money matters : (Record no. 58591)

MARC details
000 -LEADER
fixed length control field 01178nam a22003257a 4500
005 - DATE AND TIME OF LATEST TRANSACTION
control field 20111122110951.0
008 - FIXED-LENGTH DATA ELEMENTS--GENERAL INFORMATION
fixed length control field 111122t xxu||||| |||| 00| 0 eng d
010 ## - LCCN (DPL NO)
LC control number ENG-104164
020 ## - INTERNATIONAL STANDARD BOOK NUMBER
International Standard Book Number 9788132105329
Terms of availability 395.00
035 ## - SYSTEM CONTROL NUMBER
System control number EN-87697
037 ## - SOURCE OF ACQUISITION
Source of stock number/acquisition DBAD/PUB
040 ## - CATALOGING SOURCE
Original cataloging agency DPL
Language of cataloging Eng
082 00 - DEWEY DECIMAL CLASSIFICATION NUMBER
Classification number 339
100 1# - MAIN ENTRY--PERSONAL NAME
Personal name Iyengar, Murali
9 (RLIN) 35994
Fuller form of name 1955-
245 10 - TITLE STATEMENT
Title Money matters :
Remainder of title macroeconomics and financial markets /
Statement of responsibility, etc by Murali Iyengar
260 ## - PUBLICATION, DISTRIBUTION, ETC. (IMPRINT)
Place of publication, distribution, etc New Delhi
Name of publisher, distributor, etc SAGE Publications
Date of publication, distribution, etc 2011
270 ## - ADDRESS
Address B1/I-1 Mohan Cooperative Industrial Area Mathura Road
City New Delhi
Postal code 110044
300 ## - PHYSICAL DESCRIPTION
Extent xxiv,177p.
Dimensions 24cm (pbk)
500 ## - GENERAL NOTE
General note Includes bibliographical references and index.
650 #0 - SUBJECT ADDED ENTRY--TOPICAL TERM
Topical term or geographic name as entry element Macroeconomics.
9 (RLIN) 35995
650 #0 - SUBJECT ADDED ENTRY--TOPICAL TERM
Topical term or geographic name as entry element Macroeconomics
Geographic subdivision India
9 (RLIN) 35996
650 #0 - SUBJECT ADDED ENTRY--TOPICAL TERM
Topical term or geographic name as entry element Capital market.
9 (RLIN) 35997
650 #0 - SUBJECT ADDED ENTRY--TOPICAL TERM
Topical term or geographic name as entry element Capital market.
Geographic subdivision India
9 (RLIN) 35998
650 #0 - SUBJECT ADDED ENTRY--TOPICAL TERM
Topical term or geographic name as entry element Economic policy.
9 (RLIN) 1373
651 ## - SUBJECT ADDED ENTRY--GEOGRAPHIC NAME
Geographic name India
General subdivision Economic policy.
700 1# - ADDED ENTRY--PERSONAL NAME
9 (RLIN) 35999
942 ## - ADDED ENTRY ELEMENTS (KOHA)
Source of classification or shelving scheme Dewey Decimal Classification
Item type English Books
Classification part 339
Call number suffix IYE
Holdings
Withdrawn status Lost status Source of classification or shelving scheme Damaged status Not for loan Collection code Home library Current library Date acquired Source of acquisition Cost, normal purchase price Total Checkouts Full call number Barcode Date last seen Copy number Cost, replacement price Koha item type
    Dewey Decimal Classification   Not For Loan Non-fiction D.B.Act.Division D.B.Act.Division 22/11/2011 DBAD/PUB 395.00   339 IYE EN-87697 22/11/2011 1 395.00 English Books

© Delhi Public Library
Hit Counter
free hit counter